000 00367nam a2200133Ia 4500
008 100328s9999 xx 000 0 und d
082 _b63356
100 _aाामणे राजेंद्र.
245 _aकाळसर्प.
260 _bराजश्री.
630 _aकाळसर्प.
730 _aकाळसर्प.
942 _cBOOK
999 _c549244
_d549241